[Event "Catalunya-ch Seniors"]
[Site "Santa Susanna"]
[Date "2019.05.23"]
[Round "6"]
[White "Bautista Sanchez, Joan"]
[Black "Ramon Serrano, Francisco Javier"]
[Result "1/2-1/2"]
[WhiteElo "2074"]
[BlackElo "2016"]
[PlyCount "20"]
[EventDate "2019.05.18"]
[EventType "swiss"]
[EventRounds "9"]
[EventCountry "ESP"]
[SourceTitle "CBM 190 Extra"]
[Source "ChessBase"]
[SourceDate "2019.07.15"]
[SourceVersion "1"]
[SourceVersionDate "2019.07.15"]
[SourceQuality "1"]

1. Nf3 d5 2. d4 Nf6 3. g3 e6 4. Bg2 Be7 5. Bg5 Nbd7 6. Nbd2 c5 7. c3 b6 8. 0-0 0-0 9. Re1 Bb7 10. a3 Rc8 1/2-1/2

[Event "Barcelona La Lira op 34th"]
[Site "Barcelona"]
[Date "2016.01.22"]
[Round "2"]
[White "Martinez Hernandez, Emili"]
[Black "Ramon Serrano, Francisco Javier"]
[Result "0-1"]
[WhiteElo "1788"]
[BlackElo "1989"]
[PlyCount "94"]
[EventDate "2016.01.15"]
[EventType "swiss"]
[EventRounds "8"]
[EventCountry "ESP"]
[SourceTitle "EXT 2017"]
[Source "ChessBase"]
[SourceDate "2016.10.25"]
[SourceVersion "1"]
[SourceVersionDate "2016.10.25"]
[SourceQuality "1"]

1. d4 Nf6 2. Nf3 d5 3. c4 e6 4. cxd5 exd5 5. Nc3 Be7 6. Bf4 0-0 7. h3 c6 8. e3 Bf5 9. Bd3 Bxd3 10. Qxd3 Nbd7 11. 0-0 Re8 12. a4 Nf8 13. a5 a6 14. Rfb1 Bd6 15. Bxd6 Qxd6 16. b4 Ne4 17. Ne5 Ng6 18. Nxe4 dxe4 19. Qxe4 Nxe5 20. dxe5 Rxe5 21. Qf4 Rd5 22. Qxd6 Rxd6 23. Rd1 Rad8 24. Rxd6 Rxd6 25. Kf1 Rd2 26. Rb1 Kf8 27. Ke1 Rc2 28. Rd1 Ke7 29. Rd2 Rc1+ 30. Rd1 Rc3 31. Rb1 Kd6 32. Kd2 Rc4 33. g3 Re4 34. Kd3 Re5 35. e4 Rb5 36. f4 g5 37. Kc4 gxf4 38. gxf4 Rh5 39. Rd1+ Kc7 40. Rd3 Rh4 41. Rf3 b6 42. Kd4 Rh5 43. f5 f6 44. e5 Rh4+ 45. Kc3 bxa5 46. bxa5 Ra4 47. e6 Ra3+ 0-1

[Event "Badalona op-B 41st"]
[Site "Badalona"]
[Date "2015.08.10"]
[Round "9"]
[White "Magallanes, Gustavo"]
[Black "Ramon Serrano, Francisco Javier"]
[Result "0-1"]
[WhiteElo "2146"]
[BlackElo "2163"]
[PlyCount "74"]
[EventDate "2015.08.02"]
[EventType "swiss"]
[EventRounds "9"]
[EventCountry "ESP"]
[SourceTitle "EXT 2016"]
[Source "ChessBase"]
[SourceDate "2015.10.08"]
[SourceVersion "1"]
[SourceVersionDate "2015.10.08"]
[SourceQuality "1"]

1. e4 d5 2. exd5 Nf6 3. d4 Bg4 4. Nf3 Qxd5 5. Be2 Nc6 6. 0-0 0-0-0 7. Be3 e6 8. c4 Qd7 9. Nbd2 Bb4 10. Nb3 Bd6 11. a3 h5 12. Nbd2 Bxf3 13. Nxf3 Ng4 14. b4 e5 15. d5 e4 16. dxc6 Qxc6 17. Nd4 Bxh2+ 18. Kh1 Qf6 19. Bxg4+ hxg4 20. Qxg4+ Kb8 21. g3 Bxg3+ 22. Kg2 Be5 23. Rfd1 Bxd4 24. Bxd4 Rxd4 25. Rxd4 Qxd4 26. Rd1 Qxc4 27. Qxg7 Re8 28. Qf6 a6 29. Rd7 Rg8+ 30. Kh2 Qf1 31. Rd8+ Rxd8 32. Qxd8+ Ka7 33. Qd4+ b6 34. Qxe4 Qxf2+ 35. Kh3 Qf6 36. Qc2 Qh6+ 37. Kg4 Qg6+ 0-1

[Event "Badalona op-B 41st"]
[Site "Badalona"]
[Date "2015.08.08"]
[Round "7"]
[White "Cervello Tost, Roger"]
[Black "Ramon Serrano, Francisco Javier"]
[Result "0-1"]
[WhiteElo "2132"]
[BlackElo "2163"]
[PlyCount "62"]
[EventDate "2015.08.02"]
[EventType "swiss"]
[EventRounds "9"]
[EventCountry "ESP"]
[SourceTitle "EXT 2016"]
[Source "ChessBase"]
[SourceDate "2015.10.08"]
[SourceVersion "1"]
[SourceVersionDate "2015.10.08"]
[SourceQuality "1"]

1. e4 d5 2. exd5 Nf6 3. d4 Qxd5 4. Nf3 Bg4 5. Be2 Nc6 6. c4 Qh5 7. Be3 e6 8. a3 Bd6 9. Nbd2 0-0 10. h3 Rad8 11. Qb3 e5 12. 0-0-0 Bxf3 13. Bxf3 Qg6 14. d5 Nd4 15. Qc3 c5 16. dxc6 bxc6 17. c5 Be7 18. Bxd4 exd4 19. Qc4 Nd7 20. Be4 Qf6 21. b4 Qxf2 22. Rdf1 Qe3 23. Qb3 Bg5 24. Kb1 Nxc5 25. Qc2 Nxe4 26. Nxe4 d3 27. Qc5 Qxe4 28. Qxg5 d2+ 29. Kb2 Qd4+ 30. Kc2 Qc4+ 31. Kb2 Rd3 0-1

[Event "Badalona op-B 41st"]
[Site "Badalona"]
[Date "2015.08.03"]
[Round "2"]
[White "Ramon Serrano, Francisco Javier"]
[Black "Colom Andres, Xavier"]
[Result "1-0"]
[WhiteElo "2163"]
[BlackElo "2065"]
[PlyCount "65"]
[EventDate "2015.08.02"]
[EventType "swiss"]
[EventRounds "9"]
[EventCountry "ESP"]
[SourceTitle "EXT 2016"]
[Source "ChessBase"]
[SourceDate "2015.10.08"]
[SourceVersion "1"]
[SourceVersionDate "2015.10.08"]
[SourceQuality "1"]

1. d4 d5 2. Nf3 Nf6 3. c4 c6 4. cxd5 cxd5 5. Nc3 Nc6 6. Bf4 a6 7. e3 Bg4 8. Be2 e6 9. h3 Bf5 10. Qb3 Na5 11. Qa4+ Nc6 12. Ne5 Rc8 13. 0-0 Qb6 14. Rac1 Be7 15. Nd1 0-0 16. Nxc6 Rxc6 17. Rxc6 Qxc6 18. Qxc6 bxc6 19. a3 a5 20. Nc3 c5 21. dxc5 Bxc5 22. Rc1 Ba7 23. Bc7 Ra8 24. Nb5 h6 25. Rc6 Bb8 26. Bxa5 e5 27. Bc3 Ne4 28. Bg4 Nxc3 29. Bxf5 g6 30. Rc8+ Kg7 31. Nxc3 gxf5 32. Nxd5 e4 33. Nb6 1-0

[Event "Badalona op-B 41st"]
[Site "Badalona"]
[Date "2015.08.02"]
[Round "1"]
[White "Benet Saniger, Xavier"]
[Black "Ramon Serrano, Francisco Javier"]
[Result "0-1"]
[WhiteElo "2012"]
[BlackElo "2163"]
[PlyCount "118"]
[EventDate "2015.08.02"]
[EventType "swiss"]
[EventRounds "9"]
[EventCountry "ESP"]
[SourceTitle "EXT 2016"]
[Source "ChessBase"]
[SourceDate "2015.10.08"]
[SourceVersion "1"]
[SourceVersionDate "2015.10.08"]
[SourceQuality "1"]

1. Nf3 d5 2. d4 Nf6 3. c4 g6 4. Bg5 Ne4 5. Bf4 Bg7 6. e3 0-0 7. Nc3 Nxc3 8. bxc3 c5 9. cxd5 Qxd5 10. Bd3 Bg4 11. Be2 Nc6 12. 0-0 Rad8 13. Qc2 Bf5 14. Qb3 Qxb3 15. axb3 a6 16. Bc7 Rc8 17. Bf4 Be6 18. Nd2 Rfd8 19. Rfc1 cxd4 20. cxd4 Nb4 21. Bc7 Rf8 22. Bf3 Bd5 23. Bxd5 Nxd5 24. Bg3 f5 25. Be5 Bxe5 26. dxe5 Kf7 27. Nf3 h6 28. Nd4 e6 29. Kf1 g5 30. g3 g4 31. Ke2 Ne7 32. Kd2 Rfd8 33. Rxc8 Rxc8 34. Rc1 Rxc1 35. Kxc1 Ng6 36. f4 gxf3 37. Nxf3 Ke7 38. Kc2 Kd7 39. Kc3 Kc6 40. Kc4 b6 41. Nd4+ Kd7 42. Nf3 Ne7 43. Nd4 Nc6 44. Nf3 Na7 45. Nd4 Ke7 46. b4 Kd7 47. Kc3 Nc6 48. Nf3 Ne7 49. Kc4 Nd5 50. e4 fxe4 51. Ne1 e3 52. Nc2 Ke7 53. b5 a5 54. Kd3 Kf7 55. Nd4 h5 56. h4 Ne7 57. Kxe3 Nf5+ 58. Nxf5 exf5 59. Kd4 Ke6 0-1

[Event "Llinars del Valles op-A 9th"]
[Site "Llinars del Valles"]
[Date "2015.05.09"]
[Round "5"]
[White "Franch Guiral, Ramon"]
[Black "Ramon Serrano, Francisco Javier"]
[Result "1/2-1/2"]
[WhiteElo "1924"]
[BlackElo "2014"]
[PlyCount "22"]
[EventDate "2015.04.11"]
[EventType "swiss"]
[EventRounds "9"]
[EventCountry "ESP"]
[SourceTitle "EXT 2016"]
[Source "ChessBase"]
[SourceDate "2015.10.08"]
[SourceVersion "1"]
[SourceVersionDate "2015.10.08"]
[SourceQuality "1"]

1. e4 d6 2. Nc3 Nf6 3. Bc4 e5 4. Nge2 Nc6 5. a3 Be7 6. 0-0 0-0 7. f3 Be6 8. Nd5 Bxd5 9. exd5 Nb8 10. Ba2 c6 11. dxc6 Nxc6 1/2-1/2

[Event "Barcelona Primavera La Lira op 8th"]
[Site "Barcelona"]
[Date "2015.04.16"]
[Round "2"]
[White "Ramon Serrano, Francisco Javier"]
[Black "Pascual Gonzalez, Novelles Carle"]
[Result "1-0"]
[WhiteElo "2014"]
[BlackElo "1872"]
[PlyCount "89"]
[EventDate "2015.04.09"]
[EventType "swiss"]
[EventRounds "9"]
[EventCountry "ESP"]
[SourceTitle "CBM 166 Extra"]
[Source "ChessBase"]
[SourceDate "2015.06.18"]
[SourceVersion "1"]
[SourceVersionDate "2015.06.18"]
[SourceQuality "1"]

1. Nf3 d5 2. g3 Nf6 3. Bg2 g6 4. 0-0 Bg7 5. d3 0-0 6. Nbd2 c5 7. c3 Nc6 8. e4 Bg4 9. h3 Bxf3 10. Qxf3 d4 11. c4 a5 12. Qe2 Nd7 13. f4 e5 14. f5 Nf6 15. Nf3 Nh5 16. Kh2 h6 17. Nh4 Nf4 18. Qg4 Nxg2 19. Kxg2 g5 20. f6 Bxf6 21. Nf5 Bg7 22. h4 f6 23. Qh5 Kh7 24. Rh1 Qe8 25. hxg5 Qxh5 26. Rxh5 Kg6 27. gxf6 Rxf6 28. Rh4 h5 29. g4 Rh8 30. gxh5+ Kf7 31. Bg5 Re6 32. Rf1 Bf6 33. Bxf6 Rxf6 34. h6 Ne7 35. Nd6+ Ke6 36. Rxf6+ Kxf6 37. Nxb7 Ng6 38. Rh2 Nf4+ 39. Kf3 Nxd3 40. Nxa5 Kg5 41. h7 Kg6 42. Nc6 Rxh7 43. Rd2 Rh3+ 44. Kg4 Re3 45. Rxd3 1-0

[Event "Barcelona Sant Marti op-A 16th"]
[Site "Barcelona"]
[Date "2014.07.17"]
[Round "5"]
[White "Ramon Serrano, Francisco Javier"]
[Black "Colom Andres, Xavier"]
[Result "1-0"]
[WhiteElo "2022"]
[BlackElo "1905"]
[PlyCount "91"]
[EventDate "2014.07.13"]
[EventType "swiss"]
[EventRounds "9"]
[EventCountry "ESP"]
[SourceTitle "CBM 161 Extra"]
[Source "ChessBase"]
[SourceDate "2014.08.29"]
[SourceVersion "1"]
[SourceVersionDate "2014.08.29"]
[SourceQuality "1"]

1. d4 d5 2. Nf3 Nf6 3. Bf4 c6 4. e3 Bg4 5. Be2 e6 6. 0-0 Bd6 7. Ne5 Bxe2 8. Qxe2 Qc7 9. c4 Nbd7 10. Nxd7 Qxd7 11. Bxd6 Qxd6 12. Nd2 0-0 13. c5 Qc7 14. f4 b6 15. b4 bxc5 16. bxc5 Qa5 17. Nf3 Ne4 18. Rab1 f6 19. Rb7 Rfb8 20. Rfb1 Rxb7 21. Rxb7 Qc3 22. g4 g5 23. Kg2 Rf8 24. Qe1 Qc2+ 25. Kg1 Qxa2 26. h4 h6 27. hxg5 hxg5 28. Qf1 a5 29. Ne1 Qd2 30. Ng2 a4 31. Qf3 a3 32. Qh3 Qd1+ 33. Kh2 Qh1+ 34. Kxh1 Nf2+ 35. Kh2 Nxh3 36. Kxh3 Ra8 37. Rb1 Kf7 38. Kg3 a2 39. Ra1 e5 40. f5 e4 41. Ne1 Ke7 42. Nc2 Ra4 43. Kf2 Kd7 44. Ke2 Kc7 45. Kd2 Kb7 46. Kc3 1-0

[Event "Barcelona Primavera La Lira op 7th"]
[Site "Barcelona"]
[Date "2014.06.19"]
[Round "9"]
[White "Ramon Serrano, Francisco Javier"]
[Black "Gonzalez Muelas, Marco Antonio"]
[Result "1-0"]
[WhiteElo "2022"]
[BlackElo "1697"]
[PlyCount "81"]
[EventDate "2014.04.03"]
[EventType "swiss"]
[EventRounds "9"]
[EventCountry "ESP"]
[SourceTitle "EXT 2015"]
[Source "ChessBase"]
[SourceDate "2014.11.20"]
[SourceVersion "1"]
[SourceVersionDate "2014.11.20"]
[SourceQuality "1"]

1. d4 d5 2. c4 Nf6 3. Nc3 g6 4. cxd5 Nxd5 5. e4 Nxc3 6. bxc3 Bg7 7. Bc4 0-0 8. Ne2 Nd7 9. 0-0 c5 10. Be3 cxd4 11. cxd4 e5 12. d5 Nf6 13. f3 Bd7 14. Qd2 Rc8 15. Rac1 b5 16. Bb3 a5 17. Rxc8 Bxc8 18. Rc1 a4 19. Bd1 Qd7 20. Qa5 Qb7 21. Rc7 Qa6 22. Qc3 Bb7 23. Bc5 Rc8 24. Rxc8+ Bxc8 25. Qxe5 Qa5 26. Qc3 Qxc3 27. Nxc3 Nd7 28. Bb4 Bxc3 29. Bxc3 Nb6 30. Kf2 Kf8 31. Ke3 Nc4+ 32. Kd4 Ke7 33. Be2 Ba6 34. Kc5 Kd7 35. e5 Ne3 36. Ba5 Nxg2 37. Kb6 Nf4 38. Bf1 Bc8 39. Bxb5+ Ke7 40. Kc7 Bf5 41. Bb4# 1-0

[Event "Foment Martinenc op-A 16th"]
[Site "Barcelona"]
[Date "2014.06.14"]
[Round "8"]
[White "Garcia Garrido, Enric"]
[Black "Ramon Serrano, Francisco Javier"]
[Result "0-1"]
[WhiteElo "1925"]
[BlackElo "2022"]
[PlyCount "90"]
[EventDate "2014.04.26"]
[EventType "swiss"]
[EventRounds "9"]
[EventCountry "ESP"]
[SourceTitle "EXT 2015"]
[Source "ChessBase"]
[SourceDate "2014.11.20"]
[SourceVersion "1"]
[SourceVersionDate "2014.11.20"]
[SourceQuality "1"]

1. d4 e5 2. dxe5 Nc6 3. Nf3 d6 4. Bg5 Qd7 5. Nc3 dxe5 6. Qxd7+ Bxd7 7. 0-0-0 f6 8. Bd2 0-0-0 9. e4 Bc5 10. Be3 Bxe3+ 11. fxe3 Nh6 12. h3 Be6 13. Bb5 Ne7 14. Be2 Rxd1+ 15. Rxd1 Rd8 16. Rxd8+ Kxd8 17. Nd2 Nf7 18. Bc4 Bxc4 19. Nxc4 c6 20. Kd1 Nc8 21. Ke2 Kd7 22. Kd3 Ncd6 23. Nd2 Ng5 24. Ke2 b5 25. h4 Ne6 26. Kf3 a5 27. a3 Nc7 28. Nb3 Nb7 29. Na2 Na6 30. c3 Kd6 31. Nac1 Nac5 32. Nxc5 Kxc5 33. g4 Kc4 34. g5 a4 35. gxf6 gxf6 36. Kg4 Nd6 37. Kh5 Nxe4 38. Kh6 f5 39. Ne2 Kd3 40. Kxh7 Kxe2 41. Kg6 Ng3 42. h5 Nxh5 43. Kxf5 Kxe3 44. Kxe5 Kd3 45. Kd6 Kc4 0-1